Effects of eletriptan on the peptidergic innervation of the cerebral dura mater and trigeminal ganglion, and on the expression of c-fos and c-jun in the trigeminal complex of the rat in an experimental migraine model

Nociceptive axons and terminals in the supratentorial cerebral dura mater display an intense calcitonin gene-related peptide (CGRP) immunoreactivity. In an experimental migraine model, it has been shown that electrical stimulation of the rat trigeminal ganglion induced an increase in the lengths of...

Teljes leírás

Elmentve itt :
Bibliográfiai részletek
Szerzők: Knyihár-Csillik Elizabeth
Tajti János
Csillik Anita E.
Chadaide Zoltán
Mihály András
Vécsei László
Dokumentumtípus: Cikk
Megjelent: 2000
Sorozat:EUROPEAN JOURNAL OF NEUROSCIENCE 12 No. 11
doi:10.1046/j.1460-9568.2000.00299.x

mtmt:1032242
Online Access:http://publicatio.bibl.u-szeged.hu/10286
LEADER 02830nab a2200265 i 4500
001 publ10286
005 20190521131954.0
008 170118s2000 hu o 0|| zxx d
022 |a 0953-816X 
024 7 |a 10.1046/j.1460-9568.2000.00299.x  |2 doi 
024 7 |a 1032242  |2 mtmt 
040 |a SZTE Publicatio Repozitórium  |b hun 
041 |a zxx 
100 2 |a Knyihár-Csillik Elizabeth 
245 1 0 |a Effects of eletriptan on the peptidergic innervation of the cerebral dura mater and trigeminal ganglion, and on the expression of c-fos and c-jun in the trigeminal complex of the rat in an experimental migraine model  |h [elektronikus dokumentum] /  |c  Knyihár-Csillik Elizabeth 
260 |c 2000 
300 |a 3991-4002 
490 0 |a EUROPEAN JOURNAL OF NEUROSCIENCE  |v 12 No. 11 
520 3 |a Nociceptive axons and terminals in the supratentorial cerebral dura mater display an intense calcitonin gene-related peptide (CGRP) immunoreactivity. In an experimental migraine model, it has been shown that electrical stimulation of the rat trigeminal ganglion induced an increase in the lengths of CGRP-immunoreactive axons, increased size and number of pleomorphic axonal varicosities in the dura mater, and an increased number of c-jun and c-fos protein-expressing nerve cells in the trigeminal complex. We demonstrate the effect of the highly specific and moderately lipophilic serotonin agonist eletriptan (Pfizer) which prevents the effects of electrical stimulation in the dura mater. Eletriptan also affected the caudal trigeminal complex; it markedly reduced the numbers of the oncoprotein-expressing cells, mainly after stimulation and to some extent also in nonstimulated animals. Eletriptan also affected expression of CGRP in perikarya of trigeminal ganglion cells, insofar as the number of small nerve cells exhibiting a compact CGRP immunoreaction was decreased to one quarter of the original value. In all these respects, eletriptan acted in a similar way to sumatriptan, with the notable exception that eletriptan also blocked the stimulation-induced effects in the nucleus caudalis trigemini and the upper cervical spinal cord (trigeminal complex), whereas sumatriptan did not. It is concluded that eletriptan, acting on perikarya and both the peripheral and the central axon terminals of primary sensory neurons, exerts its antimigraine effect by an agonist action on 5-HT1B/1D receptors throughout the entire trigeminal system, probably by passing the blood-brain-barrier because of its lipophilic character. 
700 0 1 |a Tajti János  |e aut 
700 0 1 |a Csillik Anita E.  |e aut 
700 0 1 |a Chadaide Zoltán  |e aut 
700 0 1 |a Mihály András  |e aut 
700 0 1 |a Vécsei László  |e aut 
856 4 0 |u http://publicatio.bibl.u-szeged.hu/10286/1/Knyih_r_Csillik_et_al_2000_European_Journal_of_Neuroscience_u.pdf  |z Dokumentum-elérés